00883nam a2200229 i 4500001000300000245011400003260010200117300004500219500002900264504002300293650003800316655003000354700002600384700003200410015001800442020001500460040000800475041000800483080002300491008004100514856009800555bg00aTechnika koszykówki.nCz. 1 /cred. nauk. Ryszard Janas, Ryszard Poznański ; [aut. Ryszard Janas et al.]. aCzęstochowa :bSekcja Wydawnicza Wydziału Zarządzania Politechniki Częstochowskiej,c2004. a81, [1] s. :bfot., rys., tab. ;c25 cm. aNa okł. błędny ISBN. aBibliogr. s. [82]. 9aKoszykówkaxnauczanie i trening aPodręczniki akademickie1 aJANAS, Ryszard.eRed.1 aPOZNAŃSKI, Ryszard.eRed. aPB 19150/2004 a8388469576 cBPK0 apol a796.323.015(075.8) s pl f |000 0 pol  uhttp://koha.tu.koszalin.pl/cgi-bin/koha/opac-detail.pl?biblionumber=46878yKatalog online BPK